| 000 | 01212cam a22003617a 4500 | ||
|---|---|---|---|
| 003 | CHAP | ||
| 005 | 20220817043758.0 | ||
| 008 | 010615d2001 mx ad rc 00110 spa d | ||
| 010 | _a84207 | ||
| 011 | _a85179 | ||
| 020 | _a9686779*256 | ||
| 035 | _a95710 | ||
| 040 | _cCHAP | ||
| 082 | 0 | 4 |
_a636.089 _bV33 2001 |
| 245 | 1 | 0 |
_aVademécum veterinario IPE: _bmedicina veterinaria y nutrición animal _c/por IPE |
| 250 | _a3 ed. | ||
| 260 |
_aMéxico, D.F. : _bInformación Profesional Especializada, _c2001 |
||
| 300 |
_a1200 p. : _bilus. ; tablas ; cuadros |
||
| 590 |
_aBATCH-UPD _b10 _c20130110 _lUCH01 _h1548 |
||
| 590 |
_aBATCH-UPD _b10 _c20130410 _lUCH01 _h0946 |
||
| 590 |
_aBATCH-UPD _b10 _c20130914 _lUCH01 _h1312 |
||
| 590 |
_aCONVERSION _b10 _c20130109 _lUCH01 _h1347 |
||
| 650 | 1 | 4 |
_aEnfermedades infecciosas en animales. _936936 |
| 650 | 1 | 4 |
_aFarmacología veterinaria. _939764 |
| 650 | 1 | 4 |
_aGanado _xEnfermedades. _944909 |
| 650 | 1 | 4 | _aNutrición animal. |
| 650 | 1 | 4 |
_aVeterinaria _xDiagnóstico. _9118992 |
| 650 | 1 | 4 |
_aVeterinaria _xMedicamentos. _9119002 |
| 901 | _aBK | ||
| 905 | _aMarco A. Mendoza T. | ||
| 942 | _cLIBRO | ||
| 949 |
_a636.089 V33 2001 _bBC _cC _d33724000820080 _eC _h100103 _i95710 _si |
||
| 999 |
_c84207 _d84207 |
||